[Event "5. Campeonato Iberoamericano 2014"]
[Site "Linares ESP"]
[Date "2014.07.22"]
[Round "1.1"]
[White "Bachmann, Axel"]
[Black "Cruz Ravina, Francisco Javier"]
[Result "1-0"]
[WhiteElo "2652"]
[BlackElo "2311"]
[PlyCount "99"]
[EventDate "2014.07.22"]
[EventType "swiss"]
[EventRounds "9"]
[EventCountry "ESP"]
[Source "lmi"]
[SourceDate "2014.07.22"]

1. Nf3 Nf6 2. c4 d6 3. d4 g6 4. Nc3 Nbd7 5. e4 e5 6. d5 Bg7 7. h3 Nc5 8. Qc2 a5
9. Be3 b6 10. Be2 Nh5 11. g3 O-O 12. Nd2 f5 13. exf5 Bxf5 14. Nde4 Nxe4 15.
Nxe4 Nf6 16. Bd3 Bxe4 17. Bxe4 Nxe4 18. Qxe4 Qf6 19. Ke2 Rf7 20. h4 h5 21. g4
hxg4 22. Rag1 Qf3+ 23. Kd3 Rf5 24. Rxg4 Qxe4+ 25. Kxe4 Kf7 26. Rhg1 Bf6 27.
Rxg6 Rh5 28. R1g4 Rah8 29. f3 R5h7 30. Bf2 Rh5 31. b3 R8h7 32. Rg8 Bxh4 33. Be3
Ke7 34. Ra8 Kf6 35. Rgg8 Rf7 36. a3 Bg5 37. Rae8 Rh4+ 38. f4 Rg7 39. Re6+ Kf7
40. Rc8 Bxf4 41. Rxc7+ Kg8 42. Rxg7+ Kxg7 43. Rxd6 Bg5+ 44. Kf3 Bxe3 45. Kxe3
a4 46. Rxb6 axb3 47. c5 Rc4 48. c6 Kf7 49. d6 Ke6 50. d7 1-0

[Event "5. Campeonato Iberoamericano 2014"]
[Site "Linares ESP"]
[Date "2014.07.22"]
[Round "1.2"]
[White "Gavilan Diaz, Mario"]
[Black "Anton Guijarro, David"]
[Result "1/2-1/2"]
[WhiteElo "2287"]
[BlackElo "2631"]
[PlyCount "156"]
[EventDate "2014.07.22"]
[EventType "swiss"]
[EventRounds "9"]
[EventCountry "ESP"]
[Source "lmi"]
[SourceDate "2014.07.22"]

1. d4 Nf6 2. Nc3 d5 3. Bg5 e6 4. e4 Be7 5. e5 Nfd7 6. Bxe7 Qxe7 7. Qg4 O-O 8.
Bd3 c5 9. Nf3 h6 10. dxc5 Nc6 11. Qg3 Nxc5 12. O-O-O Bd7 13. Kb1 Rab8 14. h4 b5
15. Ne2 Na4 16. Nfd4 Nxd4 17. Nxd4 b4 18. Ka1 Nc5 19. f4 f5 20. Qf3 Qf7 21. h5
Kh8 22. Rdg1 Rbc8 23. g4 fxg4 24. Rxg4 Nxd3 25. cxd3 Rc7 26. Kb1 Rfc8 27. Rg6
Qe7 28. Qe3 a6 29. f5 exf5 30. Rhg1 f4 31. Qxf4 Bb5 32. Nxb5 axb5 33. Rxg7 Qxg7
34. Rxg7 Kxg7 35. Qf6+ Kg8 36. Qg6+ Kf8 37. Qxh6+ Kg8 38. Qg6+ Kh8 39. Qh6+ Kg8
40. e6 Rg7 41. Qe3 Kh7 42. d4 Re8 43. Kc2 Rge7 44. Qd3+ Kh8 45. Qxb5 Rxe6 46.
Qxd5 Re3 47. h6 R8e7 48. Qd6 Kh7 49. Qxb4 Re2+ 50. Kb3 R7e3+ 51. Kc4 Kxh6 52.
a4 Kg6 53. a5 Re6 54. Qb7 Re7 55. Qb8 Rc2+ 56. Kd3 Rc6 57. b4 Rec7 58. Qe8+ Kf6
59. Qe5+ Kf7 60. d5 Rc1 61. d6 Rd1+ 62. Ke2 Rcc1 63. Qe7+ Kg6 64. Qe6+ Kg7 65.
Qe5+ Kg6 66. Qg3+ Kf7 67. a6 Rg1 68. Qf4+ Ke6 69. Qh6+ Kd7 70. Qh7+ Kxd6 71.
Qd3+ Kc7 72. b5 Kb6 73. Qd6+ Kxb5 74. a7 Rce1+ 75. Kf2 Rgf1+ 76. Kg2 Rg1+ 77.
Kf3 Rgf1+ 78. Kg2 Rg1+ 1/2-1/2

[Event "5. Campeonato Iberoamericano 2014"]
[Site "Linares ESP"]
[Date "2014.07.22"]
[Round "1.3"]
[White "Cori, Jorge"]
[Black "Almedina Ortiz, Edgardo J"]
[Result "1-0"]
[WhiteElo "2608"]
[BlackElo "2277"]
[PlyCount "84"]
[EventDate "2014.07.22"]
[EventType "swiss"]
[EventRounds "9"]
[EventCountry "ESP"]
[Source "lmi"]
[SourceDate "2014.07.22"]

1. d4 Nf6 2. Nf3 g6 3. Bf4 Bg7 4. c3 O-O 5. h3 d5 6. e3 c5 7. Nbd2 Nfd7 8. Be2
Nc6 9. O-O e5 10. dxe5 Ndxe5 11. Nxe5 Nxe5 12. Nf3 Nxf3+ 13. Bxf3 d4 14. exd4
cxd4 15. c4 Qf6 16. Qd2 Qa6 17. Rfc1 Bd7 18. b4 Rac8 19. b5 Qa4 20. Qd3 Be6 21.
c5 b6 22. c6 a6 23. bxa6 b5 24. c7 Bc4 25. Qd2 Qxa6 26. a4 bxa4 27. Qb4 Bb5 28.
Rab1 Bd3 29. Bb7 Qf6 30. Bd6 Bxb1 31. Bxf8 Qf4 32. Qxb1 Rxc7 33. Rxc7 Qxc7 34.
Ba3 Qc3 35. Qc1 d3 36. Qxc3 Bxc3 37. Be4 d2 38. Bc2 Kg7 39. Kf1 Kf6 40. Ke2 Ba5
41. Bxa4 Ke5 42. Bc5 Kd5 1-0

[Event "5. Campeonato Iberoamericano 2014"]
[Site "Linares ESP"]
[Date "2014.07.22"]
[Round "1.4"]
[White "Muniz, Rafael"]
[Black "Vazquez Igarza, Renier"]
[Result "0-1"]
[WhiteElo "2272"]
[BlackElo "2603"]
[PlyCount "70"]
[EventDate "2014.07.22"]
[EventType "swiss"]
[EventRounds "9"]
[EventCountry "ESP"]
[Source "lmi"]
[SourceDate "2014.07.22"]

1. e4 c5 2. Nf3 e6 3. d4 cxd4 4. Nxd4 Nc6 5. Nc3 a6 6. Nxc6 bxc6 7. Bd3 d5 8.
O-O Nf6 9. Qe2 Be7 10. b3 O-O 11. Bb2 Bb7 12. Rad1 c5 13. Rfe1 Re8 14. Na4 d4
15. c3 e5 16. Qf3 Bc6 17. cxd4 cxd4 18. Bc4 Bb5 19. Qd3 Rb8 20. Bc1 Bb4 21. Re2
h6 22. Rc2 Qd6 23. Qe2 Rec8 24. Nb2 Qe7 25. a4 Bxc4 26. Nxc4 Bc3 27. Ba3 Qe6
28. Nd6 Rxb3 29. Nxc8 Rxa3 30. Na7 Rb3 31. f4 exf4 32. e5 Nd5 33. Qe4 Ne3 34.
Rxc3 Rxc3 35. Rb1 f5 0-1

[Event "5. Campeonato Iberoamericano 2014"]
[Site "Linares ESP"]
[Date "2014.07.22"]
[Round "1.5"]
[White "Korneev, Oleg"]
[Black "Cu Hor, Winston Darwin"]
[Result "1-0"]
[WhiteElo "2594"]
[BlackElo "2259"]
[PlyCount "61"]
[EventDate "2014.07.22"]
[EventType "swiss"]
[EventRounds "9"]
[EventCountry "ESP"]
[Source "lmi"]
[SourceDate "2014.07.22"]

1. e4 c5 2. Nf3 d6 3. Bb5+ Nc6 4. O-O Bd7 5. Re1 Nf6 6. c3 a6 7. Bf1 Bg4 8. h3
Bh5 9. g4 Bg6 10. d4 e5 11. dxe5 dxe5 12. Qxd8+ Rxd8 13. Nbd2 Be7 14. Nh4 Nd7
15. Nf5 Kf8 16. Nc4 h5 17. g5 f6 18. h4 fxg5 19. Nxe7 Nxe7 20. Bxg5 b5 21. Nd6
Nf6 22. Nb7 Rc8 23. f3 Rc7 24. Nd8 Kg8 25. a4 Kh7 26. Red1 Rc8 27. Ne6 Rc6 28.
Bh3 Nc8 29. axb5 axb5 30. Be3 c4 31. Ng5+ 1-0

[Event "5. Campeonato Iberoamericano 2014"]
[Site "Linares ESP"]
[Date "2014.07.22"]
[Round "1.6"]
[White "Burgos Figueroa, Carlos E"]
[Black "Ortiz Suarez, Isan Reynaldo"]
[Result "0-1"]
[WhiteElo "2258"]
[BlackElo "2592"]
[PlyCount "60"]
[EventDate "2014.07.22"]
[EventType "swiss"]
[EventRounds "9"]
[EventCountry "ESP"]
[Source "lmi"]
[SourceDate "2014.07.22"]

1. e4 c5 2. Nc3 d6 3. g3 g6 4. Bg2 Bg7 5. d3 Nc6 6. Nge2 e6 7. Be3 Nd4 8. Qd2
Ne7 9. h3 Rb8 10. a4 O-O 11. O-O b6 12. Nc1 Bb7 13. Nd1 d5 14. c3 Ndc6 15. exd5
Nxd5 16. Bh6 Bxh6 17. Qxh6 Na5 18. Re1 Qd7 19. Ne3 Nxe3 20. Rxe3 Bxg2 21. Kxg2
Rbd8 22. h4 Nc6 23. Qf4 e5 24. Qh6 f5 25. h5 f4 26. Rf3 Ne7 27. hxg6 Nxg6 28.
Ne2 Qb7 29. gxf4 exf4 30. Ng1 Ra8 0-1

[Event "5. Campeonato Iberoamericano 2014"]
[Site "Linares ESP"]
[Date "2014.07.22"]
[Round "1.7"]
[White "Milos, Gilberto"]
[Black "Hernandez Estevez, Yudania"]
[Result "1-0"]
[WhiteElo "2583"]
[BlackElo "2258"]
[PlyCount "52"]
[EventDate "2014.07.22"]
[EventType "swiss"]
[EventRounds "9"]
[EventCountry "ESP"]
[Source "lmi"]
[SourceDate "2014.07.22"]

1. c4 e5 2. Nc3 Nc6 3. Nf3 Bc5 4. e3 d6 5. d4 Bb4 6. Bd2 Nf6 7. d5 Bxc3 8. Bxc3
Ne7 9. Nd2 b5 10. e4 bxc4 11. Bxc4 O-O 12. O-O c6 13. dxc6 Nxc6 14. Qa4 Bb7 15.
Rfd1 d5 16. Qb5 Rb8 17. exd5 Nd4 18. Qc5 Nxd5 19. Bxd4 exd4 20. Qxd4 Nb6 21.
Qf4 Nd5 22. Qg3 Qb6 23. Ne4 Qxb2 24. Rab1 Qc2 25. Bxd5 Bxd5 26. Ra1 Ra8 1-0

[Event "5. Campeonato Iberoamericano 2014"]
[Site "Linares ESP"]
[Date "2014.07.22"]
[Round "1.8"]
[White "Lopez Azambuja, Nicolas"]
[Black "Alsina Leal, Daniel"]
[Result "0-1"]
[WhiteElo "2255"]
[BlackElo "2550"]
[PlyCount "126"]
[EventDate "2014.07.22"]
[EventType "swiss"]
[EventRounds "9"]
[EventCountry "ESP"]
[Source "lmi"]
[SourceDate "2014.07.22"]

1. d4 Nf6 2. c4 e6 3. Nc3 Bb4 4. e3 b6 5. Nge2 c5 6. a3 Ba5 7. Rb1 Na6 8. g3
Bb7 9. d5 b5 10. Bg2 bxc4 11. O-O Bxc3 12. Nxc3 O-O 13. e4 d6 14. dxe6 fxe6 15.
b3 e5 16. bxc4 Bc6 17. Qd3 Nc7 18. Rd1 Nce8 19. Bh3 Qe7 20. Be3 Kh8 21. Rb2 Qf7
22. Rdb1 Qh5 23. Bg2 Ng4 24. h3 Nxe3 25. Qxe3 Bd7 26. Kh2 Nf6 27. Qd3 Rad8 28.
Nd5 Nxd5 29. Qxd5 Bc8 30. Rd2 Qh6 31. Rbd1 Bg4 32. Rc1 Be6 33. Qd3 Rxf2 34.
Rxf2 Qxc1 35. Rc2 Qb1 36. Qc3 h6 37. Qa5 Qb6 38. Qc3 Qc7 39. Rb2 Rb8 40. Rxb8+
Qxb8 41. Qd3 Kg8 42. Bf1 Kf7 43. Be2 Qb2 44. Qf3+ Ke7 45. Qd3 Qd4 46. Kg2 Qb2
47. h4 Bg4 48. Kf2 Be6 49. Kg2 Kd7 50. Kf1 Kc6 51. Kf2 Qd4+ 52. Ke1 Kc7 53. Kd2
Qb2+ 54. Ke1 Qa1+ 55. Kd2 Qg1 56. Kc2 Qf2 57. Kd1 Qd4 58. Kc2 Bd7 59. Kd2 Bc6
60. Bf3 Qb2+ 61. Ke1 Qh2 62. Qc3 Qxg3+ 63. Ke2 Qxh4 0-1

[Event "5. Campeonato Iberoamericano 2014"]
[Site "Linares ESP"]
[Date "2014.07.22"]
[Round "1.9"]
[White "Forcen Esteban, Daniel"]
[Black "Herrera Reyes, Jose Antonio"]
[Result "1-0"]
[WhiteElo "2535"]
[BlackElo "2239"]
[PlyCount "71"]
[EventDate "2014.07.22"]
[EventType "swiss"]
[EventRounds "9"]
[EventCountry "ESP"]
[Source "lmi"]
[SourceDate "2014.07.22"]

1. d4 Nf6 2. Nf3 g6 3. c4 Bg7 4. Nc3 O-O 5. e4 d6 6. Be3 c6 7. Be2 Qc7 8. O-O
e5 9. d5 c5 10. Nd2 h6 11. b4 cxb4 12. Nb5 Qe7 13. c5 dxc5 14. d6 Qd8 15. Nc7
Qxd6 16. Nxa8 b6 17. a3 bxa3 18. Qa4 Nc6 19. Nc4 Qd7 20. Ncxb6 axb6 21. Bb5 Bb7
22. Nxb6 Qe6 23. Bxc5 Nd4 24. Bc4 Qg4 25. f3 Qg5 26. Rxa3 Nh5 27. Ra2 Rb8 28.
Qd7 Bc6 29. Qxf7+ Kh7 30. Ra7 Nb5 31. Bf8 Qe3+ 32. Kh1 Rxf8 33. Qxf8 g5 34.
Rxg7+ Nxg7 35. Ra1 h5 36. Bf1 1-0

[Event "5. Campeonato Iberoamericano 2014"]
[Site "Linares ESP"]
[Date "2014.07.22"]
[Round "1.10"]
[White "Ruiz Sanchez, Miguel Angel"]
[Black "Alonso Rosell, Alvar"]
[Result "0-1"]
[WhiteElo "2238"]
[BlackElo "2531"]
[PlyCount "96"]
[EventDate "2014.07.22"]
[EventType "swiss"]
[EventRounds "9"]
[EventCountry "ESP"]
[Source "lmi"]
[SourceDate "2014.07.22"]

1. d4 Nf6 2. Bf4 g6 3. e3 Bg7 4. Nf3 O-O 5. Be2 c5 6. Nbd2 d6 7. O-O b6 8. h3
Bb7 9. c3 Nbd7 10. a4 a6 11. Bh2 Qc7 12. Qb3 Bc6 13. c4 e5 14. d5 Bb7 15. e4
Nh5 16. Rfb1 Bh6 17. a5 bxa5 18. Qc3 Nf4 19. Bf1 f5 20. Qxa5 Qc8 21. Bxf4 Bxf4
22. Bd3 Rf7 23. b3 Qf8 24. Ra2 Bc8 25. Rab2 Rb8 26. Ra1 Bh6 27. h4 Nf6 28. Ng5
Rfb7 29. Rab1 Rb4 30. Bc2 R8b6 31. Rd1 Bg7 32. Rbb1 Qe7 33. Re1 h6 34. Ngf3 Nh5
35. Ra1 Bd7 36. Qa3 Bf6 37. g3 f4 38. Nf1 Bc8 39. N3h2 Qd7 40. Qc1 Qh3 41. Qd2
g5 42. Qe2 g4 43. Qd3 Rb8 44. gxf4 Qxd3 45. Bxd3 exf4 46. Rad1 Rxb3 47. Be2 f3
48. Bd3 Nf4 0-1

[Event "5. Campeonato Iberoamericano 2014"]
[Site "Linares ESP"]
[Date "2014.07.22"]
[Round "1.11"]
[White "Matamoros Franco, Carlos S"]
[Black "Garcia, Ricardo  Nca"]
[Result "1-0"]
[WhiteElo "2525"]
[BlackElo "2227"]
[PlyCount "42"]
[EventDate "2014.07.22"]
[EventType "swiss"]
[EventRounds "9"]
[EventCountry "ESP"]
[Source "lmi"]
[SourceDate "2014.07.22"]

1. Nf3 Nf6 2. c4 e6 3. g3 b6 4. Bg2 Bb7 5. O-O Be7 6. Nc3 O-O 7. Re1 d5 8. cxd5
exd5 9. d4 Nbd7 10. Bf4 c6 11. Qb3 Re8 12. Rad1 Nf8 13. e4 Nxe4 14. Nxe4 dxe4
15. Ne5 Qd5 16. Qc2 Ng6 17. Bxe4 Qxa2 18. d5 Nxe5 19. Bxe5 cxd5 20. Ra1 Qxa1
21. Qd1 Bc8 1-0

[Event "5. Campeonato Iberoamericano 2014"]
[Site "Linares ESP"]
[Date "2014.07.22"]
[Round "1.12"]
[White "Silva, Luis Neves Da"]
[Black "Ibarra Jerez, Jose Carlos"]
[Result "1/2-1/2"]
[WhiteElo "2218"]
[BlackElo "2521"]
[PlyCount "89"]
[EventDate "2014.07.22"]
[EventType "swiss"]
[EventRounds "9"]
[EventCountry "ESP"]
[Source "lmi"]
[SourceDate "2014.07.22"]

1. d4 Nf6 2. c4 d6 3. Nc3 Bf5 4. Nf3 g6 5. g3 Ne4 6. Qb3 Nxc3 7. Qxc3 Bg7 8. b3
Be4 9. Bb2 c5 10. Qd2 Bxf3 11. exf3 cxd4 12. Bxd4 Bxd4 13. Qxd4 Qa5+ 14. Ke2
O-O 15. Bg2 Nc6 16. Qd2 Qe5+ 17. Qe3 Qb2+ 18. Qd2 Qe5+ 19. Qe3 Qb2+ 20. Qd2 Qf6
21. Rad1 Rfc8 22. f4 Rc7 23. Rhe1 Rb8 24. Kf1 Nd8 25. a4 b6 26. a5 bxa5 27.
Qxa5 Rb6 28. c5 Rxc5 29. Qxa7 Rcb5 30. Qxe7 Qxe7 31. Rxe7 Kf8 32. Rd7 Ke8 33.
R7xd6 Rxd6 34. Rxd6 Rxb3 35. f5 Ke7 36. fxg6 hxg6 37. Ra6 Rb1+ 38. Ke2 Rb2+ 39.
Ke3 Rb3+ 40. Kd2 Rb2+ 41. Ke3 Rb3+ 42. Ke2 Rb2+ 43. Kf3 Rb3+ 44. Kg4 Rb2 45.
Kf3 1/2-1/2

[Event "5. Campeonato Iberoamericano 2014"]
[Site "Linares ESP"]
[Date "2014.07.22"]
[Round "1.13"]
[White "Del Rio De Angelis, Salvador G"]
[Black "Arias, Daniel"]
[Result "1-0"]
[WhiteElo "2520"]
[BlackElo "2213"]
[PlyCount "58"]
[EventDate "2014.07.22"]
[EventType "swiss"]
[EventRounds "9"]
[EventCountry "ESP"]
[Source "lmi"]
[SourceDate "2014.07.22"]

1. d4 Nf6 2. c4 g6 3. Nc3 Bg7 4. e4 d6 5. Nf3 O-O 6. h3 e5 7. d5 Na6 8. Bg5 h6
9. Be3 Nc5 10. Nd2 a5 11. g4 c6 12. Be2 cxd5 13. cxd5 Bd7 14. h4 Ne8 15. Nf1 b5
16. Bxc5 dxc5 17. Bxb5 Bxb5 18. Nxb5 a4 19. Nd2 Qb6 20. Qe2 Ra5 21. Na3 Qxb2
22. O-O Qb8 23. Nac4 Ra7 24. Qe3 Qc8 25. Qg3 f5 26. g5 hxg5 27. hxg5 fxe4 28.
Nxe4 Rf4 29. f3 Bh8 1-0

[Event "5. Campeonato Iberoamericano 2014"]
[Site "Linares ESP"]
[Date "2014.07.22"]
[Round "1.14"]
[White "Romero Berruezo, Francisco"]
[Black "Leon Hoyos, Manuel"]
[Result "1-0"]
[WhiteElo "2211"]
[BlackElo "2517"]
[PlyCount "95"]
[EventDate "2014.07.22"]
[EventType "swiss"]
[EventRounds "9"]
[EventCountry "ESP"]
[Source "lmi"]
[SourceDate "2014.07.22"]

1. e4 c5 2. Nf3 e6 3. d4 cxd4 4. Nxd4 a6 5. Bd3 Bc5 6. Nb3 Ba7 7. Qe2 Nc6 8.
Be3 Nge7 9. Nc3 d6 10. f4 e5 11. Bxa7 Rxa7 12. f5 b5 13. O-O f6 14. Qh5+ Kf8
15. a4 b4 16. Bc4 Nxf5 17. Nd5 Na5 18. Nxa5 Qxa5 19. Kh1 Qc5 20. b3 Ne3 21.
Nxf6 Ke7 22. Nd5+ Nxd5 23. Bxd5 Kd8 24. Qg5+ Re7 25. Rf7 Rhe8 26. Rxg7 h6 27.
Qxh6 Rxg7 28. Qxg7 Bd7 29. Rf1 Kc8 30. h4 Qe3 31. Kh2 Rd8 32. Rf7 Qe1 33. Qh7
Qe3 34. Qg7 Qe1 35. Qf6 Rg8 36. Rf8+ Rxf8 37. Qxf8+ Kc7 38. Qf6 Qe2 39. Qg5 Bg4
40. Qg7+ Kc8 41. Qb7+ Kd8 42. Qc6 Qf2 43. Qxd6+ Bd7 44. Qh6 Kc7 45. Qg5 Kd6 46.
h5 Be8 47. h6 Bg6 48. Qxg6+ 1-0

[Event "5. Campeonato Iberoamericano 2014"]
[Site "Linares ESP"]
[Date "2014.07.22"]
[Round "1.15"]
[White "Almagro Llamas, Pablo"]
[Black "Coppola, Claudio"]
[Result "1-0"]
[WhiteElo "2492"]
[BlackElo "2190"]
[PlyCount "53"]
[EventDate "2014.07.22"]
[EventType "swiss"]
[EventRounds "9"]
[EventCountry "ESP"]
[Source "lmi"]
[SourceDate "2014.07.22"]

1. d4 Nf6 2. Nf3 c5 3. d5 b5 4. Bg5 Ne4 5. Bh4 Bb7 6. a4 Qa5+ 7. Nbd2 Nxd2 8.
Nxd2 Bxd5 9. axb5 Qc7 10. e4 Bb7 11. Bd3 a6 12. bxa6 Bxa6 13. O-O Bxd3 14. Rxa8
Bxf1 15. Qxf1 e6 16. e5 Be7 17. Qb5 Bxh4 18. Qxb8+ Qxb8 19. Rxb8+ Bd8 20. Ne4
O-O 21. Nxc5 Bc7 22. Rb7 Bxe5 23. Nxd7 Ra8 24. g3 Bd6 25. c4 g6 26. c5 Be7 27.
c6 1-0

[Event "5. Campeonato Iberoamericano 2014"]
[Site "Linares ESP"]
[Date "2014.07.22"]
[Round "1.16"]
[White "Aizpurua, Patrick"]
[Black "Reinaldo Castineira, Roi"]
[Result "0-1"]
[WhiteElo "2190"]
[BlackElo "2486"]
[PlyCount "94"]
[EventDate "2014.07.22"]
[EventType "swiss"]
[EventRounds "9"]
[EventCountry "ESP"]
[Source "lmi"]
[SourceDate "2014.07.22"]

1. c4 e5 2. g3 Nc6 3. Nc3 Bc5 4. Bg2 a6 5. e3 d6 6. Nge2 Ba7 7. Nd5 Nce7 8. b3
c6 9. Nxe7 Qxe7 10. Ba3 Nf6 11. h3 Bf5 12. d4 Rd8 13. O-O O-O 14. Qd2 Rfe8 15.
Rad1 exd4 16. Nxd4 Be4 17. Bxe4 Nxe4 18. Qc2 Qg5 19. Kg2 Qg6 20. Ne2 Qf5 21.
Qd3 Qa5 22. Bb2 Qxa2 23. Qc2 Qa5 24. Bd4 Bxd4 25. Rxd4 Qe5 26. Nc3 Nxc3 27.
Qxc3 c5 28. Rd3 Qxc3 29. Rxc3 d5 30. cxd5 Rxd5 31. Ra1 Ra8 32. e4 Re5 33. f4
Rxe4 34. Rxc5 Re2+ 35. Kf3 Rae8 36. Rc3 h5 37. Rd1 Rh2 38. Rd5 g6 39. f5 Kg7
40. Rc7 Ree2 41. Kf4 Ref2+ 42. Kg5 Rxh3 43. g4 Rg3 44. fxg6 Rxg4+ 45. Kxh5 Rxg6
46. Rg5 Rh2+ 47. Kg4 Rg2+ 0-1

[Event "5. Campeonato Iberoamericano 2014"]
[Site "Linares ESP"]
[Date "2014.07.22"]
[Round "1.17"]
[White "Escobar Forero, Alder"]
[Black "Vega Gutierrez, Belinda"]
[Result "1-0"]
[WhiteElo "2460"]
[BlackElo "2187"]
[PlyCount "115"]
[EventDate "2014.07.22"]
[EventType "swiss"]
[EventRounds "9"]
[EventCountry "ESP"]
[Source "lmi"]
[SourceDate "2014.07.22"]

1. e4 e5 2. Nf3 Nc6 3. Bb5 a6 4. Ba4 Nf6 5. O-O Be7 6. d3 b5 7. Bb3 d6 8. a4 b4
9. a5 O-O 10. Nbd2 Rb8 11. Bc4 h6 12. Re1 Re8 13. Nf1 Bf8 14. Ne3 Ne7 15. c3
bxc3 16. bxc3 c6 17. Qa4 Bb7 18. Ba2 Ng6 19. Nc4 Qc7 20. Be3 d5 21. Bb6 Qd7 22.
Ne3 dxe4 23. dxe4 c5 24. Qxd7 Nxd7 25. Bd5 Nf4 26. Bxb7 Rxb7 27. g3 Nd3 28.
Red1 Nxb6 29. axb6 Nb2 30. Rd2 Rxb6 31. Ra2 Reb8 32. Nxe5 R8b7 33. Kg2 Be7 34.
Nd7 Rb3 35. h4 g6 36. Rxa6 c4 37. Ne5 Rxc3 38. Rc6 Nd3 39. Nd5 Ne1+ 40. Kf1 Nf3
41. Nxf3 Rxf3 42. Rxc4 Ra3 43. Rdc2 Kg7 44. Rc7 Rxc7 45. Rxc7 Bd6 46. Rd7 Bc5
47. Nf4 Bb6 48. e5 Kf8 49. Rb7 Bc5 50. Rb8+ Kg7 51. Rb7 Kg8 52. e6 fxe6 53.
Nxe6 Ba7 54. Rg7+ Kh8 55. Rxg6 Rf3 56. Rxh6+ Kg8 57. Rg6+ Kh8 58. Ng5 1-0

[Event "5. Campeonato Iberoamericano 2014"]
[Site "Linares ESP"]
[Date "2014.07.22"]
[Round "1.18"]
[White "Heredia Serrano, Carla"]
[Black "Gonzalez Acosta, Bernal"]
[Result "0-1"]
[WhiteElo "2186"]
[BlackElo "2458"]
[PlyCount "104"]
[EventDate "2014.07.22"]
[EventType "swiss"]
[EventRounds "9"]
[EventCountry "ESP"]
[Source "lmi"]
[SourceDate "2014.07.22"]

1. e4 c5 2. Nf3 d6 3. d4 cxd4 4. Qxd4 Nc6 5. Bb5 Bd7 6. Bxc6 Bxc6 7. Nc3 Nf6 8.
Bg5 e6 9. O-O-O Be7 10. Rhe1 O-O 11. e5 dxe5 12. Nxe5 Qa5 13. Qh4 Rfd8 14. Ng4
Rxd1+ 15. Rxd1 Nxg4 16. Bxe7 Qf5 17. Rd4 Ne5 18. Rf4 Ng6 19. Rxf5 Nxh4 20. Rg5
h6 21. Rg4 Nxg2 22. Bf6 g5 23. b4 a6 24. Ne2 Rc8 25. f4 Ne3 26. Rg3 Nf5 27. Rg1
Bf3 28. Nd4 Be4 29. Re1 Nxd4 30. Rxe4 Nf5 31. fxg5 hxg5 32. Bxg5 Kg7 33. Kb2 f6
34. Be3 e5 35. Bc5 Kf7 36. Re2 Rc6 37. c3 b6 38. Bf2 Nd6 39. a4 Ke6 40. Bg3 Kd5
41. Be1 f5 42. h4 f4 43. Rh2 Nf5 44. h5 Rh6 45. Kc2 b5 46. axb5 axb5 47. Bf2
Ng7 48. Bc5 Rxh5 49. Rd2+ Ke4 50. Re2+ Kf5 51. c4 bxc4 52. b5 Ne6 0-1

[Event "5. Campeonato Iberoamericano 2014"]
[Site "Linares ESP"]
[Date "2014.07.22"]
[Round "1.19"]
[White "Pardo Simon, David"]
[Black "Gavarrete, Nahun"]
[Result "1-0"]
[WhiteElo "2457"]
[BlackElo "2180"]
[PlyCount "51"]
[EventDate "2014.07.22"]
[EventType "swiss"]
[EventRounds "9"]
[EventCountry "ESP"]
[Source "lmi"]
[SourceDate "2014.07.22"]

1. e4 c5 2. Nc3 d6 3. d4 cxd4 4. Qxd4 Nc6 5. Bb5 Bd7 6. Bxc6 Bxc6 7. Nf3 Nf6 8.
Bg5 e6 9. Qd3 Be7 10. Nd4 O-O 11. O-O-O Rc8 12. f4 Qc7 13. Kb1 a6 14. f5 Nxe4
15. Nxe4 Bxe4 16. Qxe4 Bxg5 17. fxe6 Rce8 18. Rhf1 Bf6 19. Qd5 Bxd4 20. exf7+
Rxf7 21. Rxd4 Re5 22. Qb3 Kh8 23. Rfd1 Rf2 24. a4 Rxg2 25. Rc4 Qd8 26. Qxb7 1-0

[Event "5. Campeonato Iberoamericano 2014"]
[Site "Linares ESP"]
[Date "2014.07.22"]
[Round "1.21"]
[White "Hoffman, Alejandro"]
[Black "Barrenechea Bahamonde, Gustavo"]
[Result "1-0"]
[WhiteElo "2450"]
[BlackElo "2170"]
[PlyCount "67"]
[EventDate "2014.07.22"]
[EventType "swiss"]
[EventRounds "9"]
[EventCountry "ESP"]
[Source "lmi"]
[SourceDate "2014.07.22"]

1. d4 d5 2. c4 e6 3. Nf3 c5 4. cxd5 exd5 5. g3 Nc6 6. Bg2 Nf6 7. O-O Be7 8. Nc3
O-O 9. Bg5 Bf5 10. Rc1 c4 11. Ne5 Rc8 12. e3 Ne8 13. Nxc6 bxc6 14. Bxe7 Qxe7
15. Re1 Nf6 16. b3 cxb3 17. axb3 Rfe8 18. Na4 Ne4 19. f3 Ng5 20. h4 Nh3+ 21.
Bxh3 Bxh3 22. Qd2 Qf6 23. Qf2 h5 24. Nc5 Rc7 25. Nd3 g5 26. hxg5 Qxg5 27. Nf4
Be6 28. Qh2 f6 29. Kf2 Bf7 30. Qh4 Rb8 31. Rc3 Qf5 32. g4 hxg4 33. Rg1 Rxb3 34.
Qxg4+ 1-0

[Event "5. Campeonato Iberoamericano 2014"]
[Site "Linares ESP"]
[Date "2014.07.22"]
[Round "1.22"]
[White "Galvez Extremera, Francisco"]
[Black "Camacho Collados, Marcos"]
[Result "0-1"]
[WhiteElo "2158"]
[BlackElo "2440"]
[PlyCount "72"]
[EventDate "2014.07.22"]
[EventType "swiss"]
[EventRounds "9"]
[EventCountry "ESP"]
[Source "lmi"]
[SourceDate "2014.07.22"]

1. e4 c5 2. d4 e6 3. Nf3 cxd4 4. c3 d3 5. Bxd3 d6 6. O-O Nc6 7. c4 Be7 8. Nc3
Nf6 9. b3 O-O 10. Bb2 b6 11. Qe2 Bb7 12. Rfd1 Qb8 13. Nd5 exd5 14. exd5 Nb4 15.
Qxe7 Re8 16. Bxf6 Rxe7 17. Bxe7 Qc7 18. Bg5 b5 19. Nd4 bxc4 20. Bxc4 Qd7 21.
Nc6 Qg4 22. Nxb4 Qxg5 23. Nc6 Bc8 24. Rd3 Bf5 25. Re3 Kh8 26. Rae1 h5 27. a4 a5
28. Ne7 Bd7 29. Nc6 g6 30. Rd1 Kg7 31. Rd4 Re8 32. Rdd3 Bh3 33. g3 Qf6 34. Ne5
Rxe5 35. Rxe5 Qxe5 36. Rd1 Qe4 0-1

[Event "5. Campeonato Iberoamericano 2014"]
[Site "Linares ESP"]
[Date "2014.07.22"]
[Round "1.23"]
[White "Barria Zuniga, Daniel"]
[Black "Pereira, Antonio Pedro Caram"]
[Result "1/2-1/2"]
[WhiteElo "2439"]
[BlackElo "2132"]
[PlyCount "110"]
[EventDate "2014.07.22"]
[EventType "swiss"]
[EventRounds "9"]
[EventCountry "ESP"]
[Source "lmi"]
[SourceDate "2014.07.22"]

1. c4 e6 2. Nf3 d5 3. d4 Nf6 4. Nc3 Be7 5. Bg5 h6 6. Bh4 O-O 7. e3 Ne4 8. Bxe7
Qxe7 9. Bd3 Nxc3 10. bxc3 dxc4 11. Bxc4 c5 12. O-O Nc6 13. Qc2 b6 14. Rfd1 Bb7
15. Qe2 Rac8 16. Rac1 Rc7 17. Ba6 cxd4 18. cxd4 Nxd4 19. Nxd4 Rxc1 20. Rxc1 Qa3
21. Bxb7 Qxc1+ 22. Qf1 Qb2 23. g3 Qxa2 24. Qb5 Qa5 25. Qd7 Qc5 26. Ba6 b5 27.
Nxb5 Rb8 28. Bb7 Qb6 29. Nd6 Rf8 30. Kg2 a5 31. Bc6 Qd8 32. Qxd8 Rxd8 33. Nc4
Rc8 34. Nxa5 Kf8 35. Bf3 Rc3 36. h4 Ke7 37. Nc6+ Kd6 38. Nd4 Ke7 39. h5 Ra3 40.
g4 Kf8 41. Kg3 g5 42. hxg6 fxg6 43. Ne2 Ra4 44. Nf4 Kf7 45. Bc6 Ra2 46. Be4 Kf6
47. Nh3 Kf7 48. f4 Ra1 49. Kf2 Kg7 50. Kf3 Kh7 51. Kg3 Ra2 52. Bd3 Rd2 53. Nf2
Ra2 54. Ne4 Ra5 55. Bf1 Ra1 1/2-1/2